<?xml version="1.0" encoding="UTF-8"?>
<record
    xmlns:xsi="http://www.w3.org/2001/XMLSchema-instance"
    xsi:schemaLocation="http://www.loc.gov/MARC21/slim http://www.loc.gov/standards/marcxml/schema/MARC21slim.xsd"
    xmlns="http://www.loc.gov/MARC21/slim">

  <leader>00951na  a2200265   4500</leader>
  <controlfield tag="001">15550</controlfield>
  <controlfield tag="003">MIRAKIL</controlfield>
  <controlfield tag="005">20181213155117.0</controlfield>
  <controlfield tag="008">161006b        tu            000 0      </controlfield>
  <datafield tag="035" ind1=" " ind2=" ">
    <subfield code="a">15550</subfield>
  </datafield>
  <datafield tag="040" ind1=" " ind2=" ">
    <subfield code="a">Milas</subfield>
    <subfield code="b">tur</subfield>
    <subfield code="c">TR-AnCHP</subfield>
  </datafield>
  <datafield tag="041" ind1=" " ind2=" ">
    <subfield code="a">tur</subfield>
  </datafield>
  <datafield tag="082" ind1=" " ind2=" ">
    <subfield code="a">324.9</subfield>
    <subfield code="b">B93d [t.y.]</subfield>
  </datafield>
  <datafield tag="090" ind1=" " ind2=" ">
    <subfield code="a">324.9 B93d [t.y.]</subfield>
  </datafield>
  <datafield tag="110" ind1=" " ind2=" ">
    <subfield code="a">Bas&#x131;n Yay&#x131;n ve Enformasyon Genel M&#xFC;d&#xFC;rl&#xFC;&#x11F;&#xFC; (BYEGM)</subfield>
  </datafield>
  <datafield tag="245" ind1=" " ind2=" ">
    <subfield code="a">D&#x131;&#x15F; bas&#x131;nda milletvekili genel se&#xE7;imi</subfield>
    <subfield code="b">(13-24 aral&#x131;k 1995)</subfield>
    <subfield code="c">Bas&#x131;n Yay&#x131;n ve Enformasyon Genel M&#xFC;d&#xFC;rl&#xFC;&#x11F;&#xFC; (BYEGM)</subfield>
  </datafield>
  <datafield tag="246" ind1=" " ind2=" ">
    <subfield code="a">1995 genel se&#xE7;imleri</subfield>
  </datafield>
  <datafield tag="260" ind1=" " ind2=" ">
    <subfield code="a">[Ankara]</subfield>
    <subfield code="b">Bas&#x131;n Yay&#x131;n ve Enformasyon Genel M&#xFC;d&#xFC;rl&#xFC;&#x11F;&#xFC; (BYEGM)</subfield>
    <subfield code="c">[t.y.]</subfield>
  </datafield>
  <datafield tag="300" ind1=" " ind2=" ">
    <subfield code="a">233 s.</subfield>
    <subfield code="c">30 sm.</subfield>
  </datafield>
  <datafield tag="500" ind1=" " ind2=" ">
    <subfield code="a">K&#xFC;t&#xFC;phanemizde 1. cilt bulunmaktad&#x131;r.</subfield>
  </datafield>
  <datafield tag="650" ind1=" " ind2=" ">
    <subfield code="a">Siyasal partiler</subfield>
    <subfield code="x">1995-1999</subfield>
    <subfield code="y">D&#x131;&#x15F; bas&#x131;n</subfield>
    <subfield code="z">T&#xFC;rkiye</subfield>
  </datafield>
  <datafield tag="650" ind1=" " ind2=" ">
    <subfield code="a">TBMM</subfield>
    <subfield code="x">20. D&#xF6;nem</subfield>
    <subfield code="y">1995-1999</subfield>
  </datafield>
  <datafield tag="651" ind1=" " ind2=" ">
    <subfield code="a">T&#xFC;rkiye</subfield>
    <subfield code="x">Genel se&#xE7;imler, 1995</subfield>
    <subfield code="y">D&#x131;&#x15F; bas&#x131;n</subfield>
  </datafield>
  <datafield tag="942" ind1=" " ind2=" ">
    <subfield code="2">ddc</subfield>
    <subfield code="c">BKS</subfield>
  </datafield>
  <datafield tag="952" ind1=" " ind2=" ">
    <subfield code="a">0001</subfield>
    <subfield code="b">0001</subfield>
    <subfield code="d">2016-09-16</subfield>
    <subfield code="e">2</subfield>
    <subfield code="l">0</subfield>
    <subfield code="o">324.9 B93d [t.y.]</subfield>
    <subfield code="p">003900</subfield>
    <subfield code="r">2016-09-16 00:00:00</subfield>
    <subfield code="v">0.00</subfield>
    <subfield code="w">2016-09-16</subfield>
    <subfield code="y">BKS</subfield>
  </datafield>
  <datafield tag="999" ind1=" " ind2=" ">
    <subfield code="c">6739</subfield>
    <subfield code="d">6739</subfield>
  </datafield>
</record>
